Normal view
MARC view
Entry Topical Term
001 - CONTROL NUMBER
- control field: 257308
003 - CONTROL NUMBER IDENTIFIER
- control field: St Aloysius Coll
005 - DATE AND TIME OF LATEST TRANSACTION
- control field: 20260302173721.0
008 - FIXED-LENGTH DATA ELEMENTS
- fixed length control field: 260302|| aca||aabn | a|a d
040 ## - CATALOGING SOURCE
- Original cataloging agency: St Aloysius Coll
- Transcribing agency: St Aloysius Coll
150 ## - HEADING--TOPICAL TERM
- Topical term or geographic name entry element: Physics
670 ## - SOURCE DATA FOUND
- Source citation: Work cat.: (St Aloysius Coll)240978: Vlatko Vedral 257307, Introduction to quantum information science, 2013